000 00587nam a2200193Ia 4500
003 GCL
008 140319s9999 xx 000 0 ara d
040 _aGCL /
_cGCL
082 0 4 _a810.9
_bش ع
100 1 _aشوقى ضيف
245 1 0 _aالعصر العباسىالثانى ط7 /
_cشوقى ضيف
260 _a[S.N] :
_bدار المعارف ،
_c1990
300 _a657 ص
490 _aتاريخ الادب العربى
_v0
650 0 4 _aالادب العربى
650 0 4 _aالدولة العباسية الثانية
650 0 4 _aتاريخ ونقد
942 _2ddc
_cBK
999 _c47911
_d47911